| 000 | 00000nam 2200000za 4500 |
| 001 | 9.573630 |
| 003 | CaOODSP |
| 005 | 20210624183806 |
| 007 | cr ||||||||||| |
| 008 | 150406|2004||||xxc|||||o f|0| 0 eng d |
| 040 | |aCaOODSP|beng |
| 043 | |an-cn--- |
| 086 | 1 |aT41-1/1E-PDF |
| 110 | 1 |aCanada. |bTransport Canada. |
| 245 | 10|aTransit priority program : |h[electronic resource]|bputting buses first |
| 260 | |aOttawa - Ontario : |bTransport Canada |cJuly 2004. |
| 300 | |a5p.|bcoloured figs., references, photographs |
| 490 | 1 |aCase studies in sustainable transportation|vCase study 1 |
| 500 | |aAt head of title: Urban Transportation Showcase Program. "Ottawa, Ontario". |
| 590 | |a12-13-Supp|b2012-04-03 |
| 775 | 08|tProgramme de priorité au transport en commun : |w(CaOODSP)9.603728 |
| 830 | #0|aCase studies in sustainable transportation ;|vCase study 1|w(CaOODSP)9.506851 |
| 856 | 40|ahttp://publications.gc.ca|qPDF|s274 KB|uhttps://publications.gc.ca/collections/collection_2012/tc/T41-1-01-eng.pdf|yCase study 1 |
| 986 | |aTP 14246E |